Priestorová vizualizácia senzorických dát

Saved in:
Bibliographic Details
Main Author: Gažík, Andrej (Author)
Other Authors: Findura, Jakub (Thesis advisor)
Format: Manuscript Book
Language:Slovak
Published: 2022
Subjects:
Online Access:http://is.stuba.sk/zp/portal_zp.pl?podrobnosti=150995
Tags: Add Tag
No Tags, Be the first to tag this record!

MARC

LEADER 00000ntm a22000003a 4500
001 stuzp88131
003 SK-STU
005 20220625211149.2
007 ta
008 150427s2015----xo-----f-mn---000-0-slo-d
040 |a STU  |b slo 
041 0 |a slo 
100 1 |a Gažík, Andrej  |u 070400  |4 aut  |U FIIT Fakulta informatiky a informačných technológií  |T FIIT Ústav počítačového inžinierstva a aplikovanej informatiky  |X 98875  |U I400  |Y 672  |7 98875 
242 0 1 |a Spatial visualization of data from sensor network  |y eng 
245 1 0 |a Priestorová vizualizácia senzorických dát 
260 |c 2022 
650 4 |a Vizualizácia  |2 slo 
650 4 |a Senzorická sieť  |2 slo 
650 4 |a Webová aplikácia  |2 slo 
650 4 |a React  |2 slo 
650 4 |a Django  |2 slo 
650 4 |a React  |2 eng 
650 4 |a Django  |2 eng 
650 4 |a Sensor network  |2 eng 
650 4 |a Visualization  |2 eng 
650 4 |a Web app  |2 eng 
700 1 |a Findura, Jakub  |u 070400  |k Z2  |4 ths  |U FIIT Fakulta informatiky a informačných technológií  |T FIIT Ústav počítačového inžinierstva a aplikovanej informatiky  |X 72069  |U I400  |Y 672  |7 72069 
856 4 |u http://is.stuba.sk/zp/portal_zp.pl?podrobnosti=150995